000 00334nam a2200109Ia 4500
005 20251222153629.0
008 251222s9999||||xx |||||||||||||| ||spa||
082 _a519.72/J26
100 _a"Jauffred M., FranciscoMoreno Bonett, AlbertoAcosta, Jesús"
245 0 _aMétodos de optimización: programación lineal gráfica
942 _cLIB
999 _c32287
_d32287